| 000 | 00717nam a2200181Ia 4500 | ||
|---|---|---|---|
| 008 | 151202s9999||||xx |||||||||||||| ||und|| | ||
| 082 | _bPNVM-76760 | ||
| 100 | _aभागवत यशवंत | ||
| 245 | _aरुपेरी आकाश | ||
| 260 | _b"नवल प्रकाशन फ्लॅट नं-2,गणेश पार्क ई बिल्डिंग,हिंगणे खु्र्द,सिंहगड रोड पुणे - 411051" | ||
| 260 | _c2010 | ||
| 300 | _a140 | ||
| 600 | _aभागवत यशवंत | ||
| 630 | _aरुपेरी आकाश | ||
| 700 | _aभागवत यशवंत | ||
| 730 | _aरुपेरी आकाश | ||
| 942 | _cBOOK | ||
| 999 |
_c1343419 _d1343416 |
||